<?xml version="1.0" encoding="UTF-8"?>
<collection xmlns="http://www.loc.gov/MARC21/slim">
 <record>
  <leader>02026nam a2200301 a 4500</leader>
  <controlfield tag="001">TVCDKTCT829</controlfield>
  <controlfield tag="003">Thư viện trường Cao đẳng Kỹ thuật Cao Thắng</controlfield>
  <controlfield tag="005">20170601153757.8</controlfield>
  <controlfield tag="008">050804</controlfield>
  <datafield tag="980" ind1="\" ind2="\">
   <subfield code="a">Thư viện Trường CĐ Kỹ Thuật Cao Thắng</subfield>
  </datafield>
  <datafield tag="024" ind1=" " ind2=" ">
   <subfield code="a">RG_1 #1 eb0 i1 i5</subfield>
  </datafield>
  <datafield tag="041" ind1="0" ind2="#">
   <subfield code="a">vie</subfield>
  </datafield>
  <datafield tag="082" ind1="#" ind2="#">
   <subfield code="a">671 / </subfield>
   <subfield code="b">B107L - n</subfield>
  </datafield>
  <datafield tag="100" ind1="1" ind2="#">
   <subfield code="a">Trần Thế Lục</subfield>
  </datafield>
  <datafield tag="245" ind1="0" ind2="0">
   <subfield code="a">Nguyên lý gia công vật liệu. / </subfield>
   <subfield code="c">Trần Thế Lục, Bành Tiến Long, Trần Sỹ Túy</subfield>
  </datafield>
  <datafield tag="250" ind1="#" ind2="#">
   <subfield code="a">In lần thứ 1</subfield>
  </datafield>
  <datafield tag="260" ind1="#" ind2="#">
   <subfield code="a">H. : </subfield>
   <subfield code="b">Khoa học và kỹ thuật , </subfield>
   <subfield code="c">2001</subfield>
  </datafield>
  <datafield tag="300" ind1="#" ind2="#">
   <subfield code="a">384tr. ; </subfield>
   <subfield code="c">24cm</subfield>
  </datafield>
  <datafield tag="520" ind1="#" ind2="#">
   <subfield code="a">Gia công vật liệu là một trong những quá trình chế tạo sản phẩm hoàn chỉnh của ngành cơ khí, Năng suất , chất lượng, hiệu quả kinh tế của một nền sản xuất luôn luôn gắn liền với việc nắm bắt và điều khiển được các quy luật khoa học, mà trong đó quá trình gia công vật liệu, đặc biệt là gia công kim loại và phi kim lọai, có nhiều quy luật hết sức phức tạp.</subfield>
  </datafield>
  <datafield tag="520" ind1="#" ind2="#">
   <subfield code="a">Phần 1 : Gia công kim loại bằng cắt.</subfield>
  </datafield>
  <datafield tag="520" ind1="#" ind2="#">
   <subfield code="a">Phần 2 : Gia công các loại vật liệu khác và các phương pháp gia công mới.</subfield>
  </datafield>
  <datafield tag="520" ind1="#" ind2="#">
   <subfield code="a">Sách được chia làm hai phần :</subfield>
  </datafield>
  <datafield tag="650" ind1="#" ind2="4">
   <subfield code="a">Vật liệu--Nguyên lý gia công</subfield>
  </datafield>
  <datafield tag="700" ind1="0" ind2="#">
   <subfield code="a">Bành Tiến Long</subfield>
  </datafield>
  <datafield tag="700" ind1="0" ind2="#">
   <subfield code="a">Trần Sỹ Túy</subfield>
  </datafield>
  <datafield tag="721" ind1="#" ind2="#">
   <subfield code="a">CNKT Cơ khí</subfield>
  </datafield>
  <datafield tag="841" ind1="#" ind2="#">
   <subfield code="b">Kho Sách </subfield>
   <subfield code="j">100008609, 100008610, 100008611, 100008612, 100013133, 100013153, 100013158, 100013180, 100013358, 100014100, 100014101, 100014102, 100014103, 100014104, 100014105, 100014944, 100014945, 100014946, 100014947, 100014948, 100014949</subfield>
  </datafield>
  <datafield tag="841" ind1="#" ind2="#">
   <subfield code="b">Kho Tra Cứu </subfield>
   <subfield code="j">500000434, 500000435, 500000436, 500000437, 500000937, 500000938, 500000939, 500000940</subfield>
  </datafield>
 </record>
</collection>
